000
00322nam a22001457a 4500
008
210310b ||||| |||| 00| 0 eng d
020
_a
9781405102308
041
_a
eng
080
_2
5th
_a
616.073
082
_a
616.073
100
_a
6
101
_a
RAD
245
_a
Diagnostic Imaging
_c
Armstrong, P
942
_2
udc
_c
BK
999
_c
56171
_d
56171